| 000 | 00881nam a22002297a 4500 | ||
|---|---|---|---|
| 003 | OSt | ||
| 005 | 20141020151427.0 | ||
| 008 | 141002b xxu||||| |||| 00| 0 eng d | ||
| 020 | _a84-8088-782-6 | ||
| 040 | _cBMC | ||
| 082 | _a658.15 | ||
| 100 | 1 |
_aMitroff, Ian I. _926213 |
|
| 245 | 1 | 0 |
_aCómo gestionar una crisis _b: guía para mejorar la preparación frente una crisis _cIan I. Mitroff, Christine M. Pearson ; [traducción, equipo editorial Thau] |
| 260 |
_aBarcelona _bGestión 2000 _ccop. 2002 |
||
| 300 |
_a136 p. _bil. _c23 cm. |
||
| 500 | _aEn la cub.: Suspensión de pagos, Accidentes, Pérdida de imagen, Proceso judicial, OPA, Contaminación, Destrucciones, Huelga | ||
| 504 | _aBibliografía: p. [135]-136 | ||
| 595 | _aTraducción de: Crisis Management | ||
| 650 | 2 | 4 |
_920873 _aGestión de crisis |
| 700 | 1 |
_aPearson, Christine M. _926214 |
|
| 942 |
_2ddc _cBK |
||
| 999 |
_c14284 _d14284 |
||